Diorisi nuovo greco-italiano e italiano-greco vocabolario = Σύγχρονο ελληνοϊταλικό και ιταλοελληνικό λεξικό.

Αποθηκεύτηκε σε:
Λεπτομέρειες βιβλιογραφικής εγγραφής
Μορφή: Βιβλίο
Γλώσσα:Greek
Italian
Δημοσίευση: [χ.τ.] : Στρουμπούκης, [χ.χ.].
Θέματα:
Ετικέτες: Προσθήκη ετικέτας
Δεν υπάρχουν, Καταχωρήστε ετικέτα πρώτοι!

MARC

LEADER 00000cam a2200000 i 4500
001 1/19718
008 970416nuuuu####gr | | ||| |||| ||gre||
035 |l 10021376 
040 |a GR-MY-UA  |e aacr 
041 0 |a gre  |h ita 
082 0 |a 453.89  
245 1 0 |a Diorisi nuovo greco-italiano e italiano-greco vocabolario =   |b Σύγχρονο ελληνοϊταλικό και ιταλοελληνικό λεξικό.  
246 1 |i Παράλληλος τίτλος:   |a Σύγχρονο ελληνοϊταλικό και ιταλοελληνικό λεξικό  
260 |a [χ.τ.] :   |b Στρουμπούκης,   |c [χ.χ.].  
650 0 0 |a Italian language  |x Dictionaries  |x Greek. 
650 0 0 |a Greek language  |x Dictionaries  |x Italian. 
852 |a INST  |b CHIOS  |e 19970416  |h 453.89 DIO  |p 005200010610  |q 005200010610  |t REF  |y 23 
909 |a Χ  |b 050013